[Event "Stay Safe Play From Home 185"]
[Site "T#646428Emanuel Laske"]
[Date "2020.05.29"]
[Round "4"]
[White "KLIND"]
[Black "Raja3652016"]
[Result "0-1"]
[WhiteElo "1903"]
[BlackElo "1614"]
[Annotator "NA RC"]
[PlyCount "55"]
[EventDate "2020.05.29"]
[EventType "swiss (blitz)"]

1. e3 {[%emt 0:00:01]} e5 {[%emt 0:00:02]} 2. d4 {[%emt 0:00:00]} exd4 {[%emt 0:00:02]} 3. exd4 {[%emt 0:00:01]} Qe7+ {[%emt 0:00:01]} 4. Be2 {[%emt 0:00:00]} d5 {[%emt 0:00:01]} 5. Nf3 {[%emt 0:00:01]} Bg4 {[%emt 0:00:02]} 6. O-O {[%emt 0:00:00]} Be6 {[%emt 0:00:03]} 7. Nc3 {[%emt 0:00:03]} Nf6 {[%emt 0:00:01]} 8. Qe1 {[%emt 0:00:02]} c6 {[%emt 0:00:01]} 9. Bg5 {[%emt 0:00:00]} Nbd7 {[%emt 0:00:02]} 10. Bxf6 {[%emt 0:00:00]} Nxf6 {[%emt 0:00:02]} 11. Ne5 {[%emt 0:00:00]} Nd7 {[%emt 0:00:02]} 12. f4 {[%emt 0:00:03]} Nxe5 {[%emt 0:00:01]} 13. fxe5 {[%emt 0:00:01]} g6 {[%emt 0:00:01]} 14. Bd3 {[%emt 0:00:01]} Bg7 {[%emt 0:00:02]} 15. Qf2 {[%emt 0:00:01]} O-O {[%emt 0:00:02]} 16. Ne2 {[%emt 0:00:00]} f6 {[%emt 0:00:01]} 17. c3 {[%emt 0:00:00]} fxe5 {[%emt 0:00:01]} 18. Qg3 {[%emt 0:00:01]} Rxf1+ {[%emt 0:00:02]} 19. Rxf1 {[%emt 0:00:02]} e4 {[%emt 0:00:01]} 20. Bc2 {[%emt 0:00:03]} Rf8 {[%emt 0:00:01]} 21. Rxf8+ {[%emt 0:00:03]} Bxf8 {[%emt 0:00:01]} 22. Bb3 {[%emt 0:00:00]} a6 {[%emt 0:00:01]} 23. Nf4 {[%emt 0:00:01]} Bh6 {[%emt 0:00:03]} 24. Nxe6 {[%emt 0:00:01]} Qxe6 {[%emt 0:00:02]} 25. Qb8+ {[%emt 0:00:03]} Bf8 {[%emt 0:00:01]} 26. Qxb7 {[%emt 0:00:01]} e3 {[%emt 0:00:01]} 27. Qxa6 {[%emt 0:00:05]} e2 {[%emt 0:00:01]} 28. Bxd5 {[%emt 0:00:07] KLIND resigns (Lag: Av=0.50s, max=0.6s)} 0-1

[Event "Stay Safe Play From Home 185"]
[Site "T#646428Emanuel Laske"]
[Date "2020.05.29"]
[Round "4"]
[White "W Nelles"]
[Black "Trotsky"]
[Result "1-0"]
[WhiteElo "1068"]
[BlackElo "1562"]
[Annotator "NA RC"]
[PlyCount "33"]
[EventDate "2020.05.29"]
[EventType "swiss (blitz)"]

1. e4 {[%emt 0:00:01]} c5 {[%emt 0:00:01]} 2. Nf3 {[%emt 0:00:01]} e6 {[%emt 0:00:00]} 3. Bc4 {[%emt 0:00:01]} d5 {[%emt 0:00:01]} 4. exd5 {[%emt 0:00:01]} exd5 {[%emt 0:00:00]} 5. Qe2+ {[%emt 0:00:01]} Be6 {[%emt 0:00:01]} 6. Bb5+ {[%emt 0:00:01]} Nc6 {[%emt 0:00:01]} 7. Ne5 {[%emt 0:00:02]} Qc7 {[%emt 0:00:01]} 8. a4 {[%emt 0:00:04]} Bd6 {[%emt 0:00:01]} 9. Bxc6+ {[%emt 0:00:04]} bxc6 {[%emt 0:00:01]} 10. Nxf7 {[%emt 0:00:02]} Kxf7 {[%emt 0:00:02]} 11. O-O {[%emt 0:00:02]} Nf6 {[%emt 0:00:01]} 12. d3 {[%emt 0:00:01]} Raf8 {[%emt 0:00:01]} 13. Bg5 {[%emt 0:00:01]} Ng4 {[%emt 0:00:03]} 14. Qf3+ {[%emt 0:00:03]} Ke8 {[%emt 0:00:02]} 15. Qe2 {[%emt 0:00:04]} Bxh2+ {[%emt 0:00:01]} 16. Kh1 {[%emt 0:00:02]} h5 {[%emt 0:00:01]} 17. Qxe6+ {[%emt 0:00:04] Trotsky Ñäàåòñÿ (Lag: Av=0.40s, max=0.6s)} 1-0

[Event "Stay Safe Play From Home 185"]
[Site "T#646428Emanuel Laske"]
[Date "2020.05.29"]
[Round "5"]
[White "Mepe_Nika"]
[Black "Little champs"]
[Result "1-0"]
[WhiteElo "2299"]
[BlackElo "2132"]
[Annotator "TA"]
[PlyCount "99"]
[EventDate "2020.05.29"]
[EventType "swiss (blitz)"]

{[%evp 9,99,-11,1,-43,3,1,25,19,26,-101,-73,-93,-102,-100,-45,-128,-142,-120,-120,-133,-82,-71,-35,-52,-15,-60,47,-7,70,0,228,-37,-19,-29,0,-29,427,418,493,468,741,625,626,611,665,576,595,587,670,664,652,649,737,716,731,714,741,707,879,604,877,879,881,862,847,602,795,768,814,806,786,764,714,689,627,0,8,-141,669,-609,-574,-1078,-1014,-29967,-29967,-29973,-11121,-1683,-539,-29973,-29972,-29992]} 1. g3 c6 2. Bg2 d5 3. d3 Nf6 4. Nd2 g6 5. c4 Bg7 6. b3 {A00: Irregular Openings.} O-O 7. Bb2 {[#]} Ng4 $146 ({Predecessor:} 7... Nbd7 8. Ngf3 b6 9. O-O Bb7 10. Rc1 Rc8 11. Ne5 Nxe5 12. Bxe5 Qd7 13. Nf3 dxc4 14. bxc4 {1-0 (52) Kuecher,W (2117)-Doujak,G (1980) Playchess.com INT 2020}) 8. Bxg7 {White has an edge.} Kxg7 9. e4 (9. Ngf3 $11) 9... dxe4 10. Nxe4 f5 $36 {[%mdl 2048] Black has strong initiative.} 11. Ng5 e5 (11... Qd4 $17 {[%csl Gg4][%cal Rd4f2]} 12. N1h3 Qc3+ 13. Kf1 e5) 12. h3 (12. Qd2 $1 $15) 12... Qxg5 13. hxg4 fxg4 14. Ne2 Qf5 ({Black should play} 14... Bf5 15. Nc3 Na6) 15. O-O $17 Be6 16. Nc3 Rd8 17. Ne4 Na6 (17... Qf8 $1 $15) 18. Qe2 (18. Qd2 $14) 18... Nc7 ({Better is} 18... Qf8 $11) 19. Rfe1 (19. Qd2 $14) 19... Re8 $2 (19... Bf7 $11) 20. Nc3 $2 (20. Nd6 $18 Qf6 21. Nxe8+ Rxe8 22. Qxe5 Qxe5 23. Rxe5) 20... Bf7 21. Qe3 h6 22. Rad1 b6 $2 {[%mdl 8192]} (22... Qd7 $11 {and Black has nothing to worry.}) 23. Bxc6 $18 {[%mdl 64] [#] Double Attack} h5 24. Ne4 h4 (24... Rac8 $142 25. Bxe8 Nxe8) 25. Bxe8 Nxe8 26. gxh4 Rd8 27. Qg5 Qxg5 28. Nxg5 Kf6 {[#]} 29. Rxe5 $1 {[%mdl 512]} Nd6 (29... Kxe5 30. Nxf7+) 30. d4 Rh8 31. Nxf7 Nxf7 {[%mdl 4096] Endgame KRR-KRN} 32. Re4 Rxh4 33. Rde1 Ng5 34. Rf4+ Kg7 {Threatens to win with ...Nh3+.} 35. Kg2 Nf3 36. Ree4 Rh2+ 37. Kf1 Rh1+ 38. Ke2 Re1+ 39. Kd3 Rd1+ 40. Kc2 Rf1 41. Re7+ Kh6 42. Rff7 $2 (42. Rxg4 $18 Rxf2+ 43. Kc3) 42... Rxf2+ $11 43. Kc3 (43. Kd3 $11 g3 44. Ke3) 43... Kg5 $2 {[%mdl 8192]} (43... g3 $17 44. Rh7+ Kg5) 44. Kb4 $4 {[%mdl 8192]} (44. d5 $18) 44... g3 $19 45. d5 {and the idea Rxf3 leaves White hopeful.} g2 46. Rxf3 Rxf3 47. Re5+ Kf4 48. Re6 Rf1 (48... g1=Q $142 {( -> ...Qc5+)} 49. Kb5 Qc5+ 50. Ka6 Rh3) 49. Rf6+ Kg5 50. Rxg6+ {[%mdl 32768] Accuracy: White = 44%, Black = 37%. . Loss on time!?} 1-0

[Event "Stay Safe Play From Home 185"]
[Site "T#646428Emanuel Laske"]
[Date "2020.05.29"]
[Round "5"]
[White "Rogan"]
[Black "Broken sword"]
[Result "0-1"]
[WhiteElo "2224"]
[BlackElo "2543"]
[Annotator "TA"]
[PlyCount "126"]
[EventDate "2020.05.29"]
[EventType "swiss (blitz)"]

{[%evp 9,126,-4,35,12,38,47,51,11,17,0,6,0,0,-16,0,0,-9,0,0,0,0,0,0,0,6,-18,14,0,27,29,37,35,35,27,37,37,27,27,84,7,9,27,44,20,44,44,45,0,0,-151,-161,-154,-18,-128,0,0,0,-60,0,0,0,0,0,0,0,0,0,0,0,0,0,0,0,0,0,0,0,0,0,-8,0,0,0,0,0,0,0,0,0,0,0,0,0,0,0,-5,-8,-52,-52,-468,-462,-447,-415,-282,-195,-774,-772,-727,-705,-5065,-22,-22,-21,-1810,-1583,-29984,-29985,-29985,-29985]} 1. d4 d5 2. c3 c6 3. Nf3 Nf6 4. Bg5 Qb6 5. Qc2 Bg4 6. Nbd2 {D02: 1 d4 d5 2 Nf3 sidelines, including 2...Nf6 3 g3 and 2...Nf6 3 Bf4.} Bh5 7. e3 Bg6 8. Qb3 {White is slightly better.} Nbd7 9. Be2 {[#]} e6 $146 ({Predecessor:} 9... h6 10. Bh4 e6 11. Bg3 Qxb3 12. Nxb3 Nh5 13. Ne5 Nxe5 14. Bxe5 Nf6 15. Na5 O-O-O {1-0 (68) Spartz,G (1935)-Staudt,C (2000) Luxembourg 1998}) 10. O-O h6 11. Bh4 Be7 12. Ne5 Nxe5 13. dxe5 Nd7 14. Bxe7 Qxb3 15. axb3 {[#] aiming for Bd6.} Kxe7 16. f4 a6 17. Bf3 Nc5 18. b4 Nd7 19. e4 Rab8 20. exd5 cxd5 21. Nb3 Rhc8 22. Nd4 Bd3 23. Rfe1 (23. Rf2 {is interesting.} g5 24. Rd1 Bh7 25. f5 Nxe5 26. fxe6 fxe6 27. Re2) 23... Bc4 (23... Nb6 $11) 24. Be2 (24. f5 $16) 24... Bxe2 $11 25. Rxe2 Nb6 26. Rf1 Rf8 27. f5 Nd7 28. fxe6 fxe6 29. Ref2 $2 (29. Ra1 $11) 29... Rxf2 $17 ({Stronger than} 29... Nxe5 30. Rxf8 Rxf8 31. Rxf8 $11) 30. Rxf2 {[%mdl 4096] Endgame KRN-KRN} Rc8 ({Black should try} 30... Nxe5 $17 31. Re2 Kd6) 31. Rf3 (31. Nf3 $11) 31... Rf8 (31... Nxe5 $17 32. Re3 Kd6) 32. Rxf8 $11 Nxf8 {KN-KN} 33. b5 (33. Kf2 $11) 33... Nd7 (33... axb5 $1 $15 34. Kf2 Nd7) 34. bxa6 bxa6 35. Nc6+ Ke8 36. Kf2 Nc5 37. Ke3 Na4 38. Nb4 Nxb2 39. Nxa6 Nc4+ 40. Kd4 Ke7 41. Nc5 Nd2 42. Nd3 Nb3+ 43. Ke3 Na5 44. Nf4 Nc6 45. Nd3 Kf7 46. g4 Ke7 47. h4 Kf7 48. Kf4 Kg6 49. h5+ Kf7 50. Nc5 Ke7 51. Nd3 Na7 52. Nb4 Nb5 53. Nc6+ Kd7 54. Nb8+ $2 {[%mdl 8192] [#]} ({Better is} 54. Nb4 $15) 54... Kc7 $1 $19 {[%cal Rc7b8]} 55. Na6+ Kb6 56. Nb4 Nxc3 57. g5 $2 (57. Ke3) 57... Kc5 58. gxh6 gxh6 59. Na6+ Kd4 $2 (59... Kc4 $19 {And now ...d4 would win.} 60. Ke3 d4+ 61. Kd2 d3) 60. Nc7 $11 Ne2+ 61. Kg4 $2 {[%mdl 8192]} (61. Kf3 $11) 61... Kxe5 $19 62. Nxe6 Kxe6 63. Kf3 Nd4+ {Accuracy: White = 57%, Black = 74%.} 0-1

[Event "Stay Safe Play From Home 185"]
[Site "T#646428Emanuel Laske"]
[Date "2020.05.29"]
[Round "5"]
[White "Lazieri3"]
[Black "Eidgenosse"]
[Result "0-1"]
[WhiteElo "2047"]
[BlackElo "2484"]
[Annotator "TA"]
[PlyCount "62"]
[EventDate "2020.05.29"]
[EventType "swiss (blitz)"]

{[%evp 9,62,0,24,0,60,5,43,8,13,6,28,17,19,32,45,-15,-21,-37,-29,-73,-53,-73,-33,-418,-418,-702,-700,-689,-681,-652,-533,-537,-545,-532,-529,-505,-487,-539,-521,-651,-641,-759,-753,-957,-701,-1012,-748,-1199,-1144,-10488,-8220,-29975,-29971,-29986,-29983]} 1. e4 d6 2. Nc3 Nf6 3. d4 Nbd7 4. Be3 e5 5. d5 Be7 6. f3 {B07: Pirc Defence: Miscellaneous Systems.} Nh5 {[#]} ({Better is} 6... c6 $11) 7. Bb5 $146 (7. Qd2 $14) ({Predecessor:} 7. g3 Nb6 8. Qd2 f5 9. O-O-O f4 10. Bf2 O-O 11. g4 Nf6 12. h4 Ne8 13. g5 {1-0 (50) Jirasek,J (1903)-Cejkova,M (2059) Prague 2018}) 7... Bg5 8. Qd2 {White is slightly better.} Bxe3 9. Qxe3 a6 10. Bxd7+ Bxd7 11. Nge2 h6 12. O-O (12. h4 $14) 12... Qg5 $11 13. Qxg5 hxg5 14. g3 g6 15. Kg2 Nf6 {Hoping for ...Bh3+.} 16. f4 $2 {[%mdl 8192] White does not recover from this.} ({White should try} 16. g4 $15) 16... Bh3+ $19 {[%mdl 64] [#] Skewer} 17. Kf2 (17. Kf3 $142 Bxf1 {[%mdl 64] Discovered Attack} 18. Rxf1) 17... Ng4+ 18. Kg1 Bxf1 19. Rxf1 Nxh2 20. Rd1 gxf4 21. gxf4 Ng4 22. fxe5 Nxe5 23. Nf4 O-O-O 24. Nce2 Rh4 25. Kg2 Rdh8 26. Kg3 Kd7 27. b3 Ke7 28. c4 g5 29. Nd3 Nxd3 30. Rxd3 Rh3+ 31. Kg4 Rxd3 {Accuracy: White = 27%, Black = 78%.} 0-1

[Event "Stay Safe Play From Home 185"]
[Site "T#646428Emanuel Laske"]
[Date "2020.05.29"]
[Round "5"]
[White "The Next Contender"]
[Black "W Nelles"]
[Result "1-0"]
[WhiteElo "2000"]
[BlackElo "1101"]
[Annotator "NA RC"]
[PlyCount "59"]
[EventDate "2020.05.29"]
[EventType "swiss (blitz)"]

1. d4 {[%emt 0:00:00]} e6 {[%emt 0:00:01]} 2. c4 {[%emt 0:00:01]} Nf6 {[%emt 0:00:01]} 3. Nf3 {[%emt 0:00:00]} Nc6 {[%emt 0:00:02]} 4. g3 {[%emt 0:00:00]} d6 {[%emt 0:00:01]} 5. Bg2 {[%emt 0:00:00]} Bd7 {[%emt 0:00:01]} 6. O-O {[%emt 0:00:01]} d5 {[%emt 0:00:01]} 7. e3 {[%emt 0:00:01]} dxc4 {[%emt 0:00:03]} 8. Nbd2 {[%emt 0:00:02]} Bb4 {[%emt 0:00:02]} 9. Nxc4 {[%emt 0:00:01]} Nd5 {[%emt 0:00:03]} 10. Nfe5 {[%emt 0:00:02]} Nxe5 {[%emt 0:00:02]} 11. Nxe5 {[%emt 0:00:00]} f6 {[%emt 0:00:02]} 12. a3 {[%emt 0:00:00]} g6 {[%emt 0:00:01]} 13. Nxd7 {[%emt 0:00:01]} Qxd7 {[%emt 0:00:03]} 14. axb4 {[%emt 0:00:01]} Nxb4 {[%emt 0:00:03]} 15. Bxb7 {[%emt 0:00:00]} Rb8 {[%emt 0:00:02]} 16. Rxa7 {[%emt 0:00:01]} Nc6 {[%emt 0:00:02]} 17. Bxc6 {[%emt 0:00:01]} Qxc6 {[%emt 0:00:02]} 18. Qa4 {[%emt 0:00:01]} Qxa4 {[%emt 0:00:02]} 19. Rxa4 {[%emt 0:00:00]} O-O {[%emt 0:00:01]} 20. b4 {[%emt 0:00:02]} c6 {[%emt 0:00:02]} 21. Bd2 {[%emt 0:00:01]} Rfc8 {[%emt 0:00:02]} 22. Rfa1 {[%emt 0:00:01]} Kg7 {[%emt 0:00:03]} 23. Ra7+ {[%emt 0:00:01]} Kh6 {[%emt 0:00:01]} 24. Rd7 {[%emt 0:00:01]} e5 {[%emt 0:00:04]} 25. Raa7 {[%emt 0:00:00]} f5 {[%emt 0:00:03]} 26. e4+ {[%emt 0:00:01]} Kh5 {[%emt 0:00:02]} 27. Rxh7+ {[%emt 0:00:01]} Kg4 {[%emt 0:00:01]} 28. exf5 {[%emt 0:00:00]} gxf5 {[%emt 0:00:02]} 29. Kg2 {[%emt 0:00:01]} Rg8 {[%emt 0:00:03]} 30. h3# {[%emt 0:00:01] (Lag: Av=0.57s, max=1.0s)} 1-0

[Event "Stay Safe Play From Home 185"]
[Site "T#646428Emanuel Laske"]
[Date "2020.05.29"]
[Round "5"]
[White "Konmos"]
[Black "Fischer_11"]
[Result "1-0"]
[WhiteElo "1799"]
[BlackElo "2004"]
[Annotator "NA RC"]
[PlyCount "105"]
[EventDate "2020.05.29"]
[EventType "swiss (blitz)"]

1. e4 {[%emt 0:00:02]} Nf6 {[%emt 0:00:01]} 2. e5 {[%emt 0:00:01]} Nd5 {[%emt 0:00:00]} 3. c4 {[%emt 0:00:00]} Nb6 {[%emt 0:00:01]} 4. c5 {[%emt 0:00:00]} Nd5 {[%emt 0:00:01]} 5. Bc4 {[%emt 0:00:00]} e6 {[%emt 0:00:00]} 6. Bxd5 {[%emt 0:00:00]} exd5 {[%emt 0:00:01]} 7. d4 {[%emt 0:00:00]} d6 {[%emt 0:00:00]} 8. cxd6 {[%emt 0:00:01]} cxd6 {[%emt 0:00:00]} 9. f4 {[%emt 0:00:01]} Nc6 {[%emt 0:00:00]} 10. Nc3 {[%emt 0:00:01]} dxe5 {[%emt 0:00:00]} 11. dxe5 {[%emt 0:00:01]} Bf5 {[%emt 0:00:06]} 12. Qxd5 {[%emt 0:00:02]} Qxd5 {[%emt 0:00:04]} 13. Nxd5 {[%emt 0:00:01]} O-O-O {[%emt 0:00:00]} 14. Ne3 {[%emt 0:00:02]} Be4 {[%emt 0:00:02]} 15. Nf3 {[%emt 0:00:01]} Bc5 {[%emt 0:00:00]} 16. Ng5 {[%emt 0:00:02]} Bxe3 {[%emt 0:00:12]} 17. Nxe4 {[%emt 0:00:01]} Bxf4 {[%emt 0:00:03]} 18. Nd6+ {[%emt 0:00:03]} Rxd6 {[%emt 0:00:06]} 19. exd6 {[%emt 0:00:01]} Bxd6 {[%emt 0:00:00]} 20. O-O {[%emt 0:00:01]} f6 {[%emt 0:00:02]} 21. Bf4 {[%emt 0:00:01]} Kd7 {[%emt 0:00:02]} 22. Rad1 {[%emt 0:00:02]} Ne5 {[%emt 0:00:04]} 23. Bxe5 {[%emt 0:00:02]} fxe5 {[%emt 0:00:00]} 24. Rf7+ {[%emt 0:00:01]} Ke6 {[%emt 0:00:01]} 25. Rxg7 {[%emt 0:00:00]} Rd8 {[%emt 0:00:02]} 26. Rxb7 {[%emt 0:00:01]} Bc5+ {[%emt 0:00:01]} 27. Kf1 {[%emt 0:00:03]} Rxd1+ {[%emt 0:00:00]} 28. Ke2 {[%emt 0:00:01]} Rg1 {[%emt 0:00:02]} 29. Rg7 {[%emt 0:00:01]} Kf6 {[%emt 0:00:02]} 30. Rg8 {[%emt 0:00:02]} Kf7 {[%emt 0:00:01]} 31. Rg4 {[%emt 0:00:05]} Rb1 {[%emt 0:00:01]} 32. Rc4 {[%emt 0:00:01]} Ke6 {[%emt 0:00:00]} 33. Rxc5 {[%emt 0:00:01]} Rxb2+ {[%emt 0:00:00]} 34. Kf3 {[%emt 0:00:00]} Rxa2 {[%emt 0:00:00]} 35. Rc6+ {[%emt 0:00:01]} Kf5 {[%emt 0:00:00]} 36. Rc7 {[%emt 0:00:01]} Ra3+ {[%emt 0:00:00]} 37. Ke2 {[%emt 0:00:01]} Ke4 {[%emt 0:00:00]} 38. Rxh7 {[%emt 0:00:01]} Ra2+ {[%emt 0:00:00]} 39. Kd1 {[%emt 0:00:00]} Rxg2 {[%emt 0:00:01]} 40. Rd7 {[%emt 0:00:00]} Ke3 {[%emt 0:00:00]} 41. Rg7 {[%emt 0:00:01]} e4 {[%emt 0:00:00]} 42. Rxg2 {[%emt 0:00:00]} Kd4 {[%emt 0:00:00]} 43. Re2 {[%emt 0:00:00]} a5 {[%emt 0:00:00]} 44. h4 {[%emt 0:00:01]} a4 {[%emt 0:00:00]} 45. h5 {[%emt 0:00:00]} a3 {[%emt 0:00:00]} 46. h6 {[%emt 0:00:00]} Kd3 {[%emt 0:00:01]} 47. Ra2 {[%emt 0:00:00]} e3 {[%emt 0:00:00]} 48. Rxa3+ {[%emt 0:00:00]} Ke4 {[%emt 0:00:01]} 49. Rxe3+ {[%emt 0:00:00]} Kf5 {[%emt 0:00:00]} 50. h7 {[%emt 0:00:00]} Kg6 {[%emt 0:00:00]} 51. h8=Q {[%emt 0:00:00]} Kg5 {[%emt 0:00:00]} 52. Qh6+ {[%emt 0:00:02]} Kg4 {[%emt 0:00:01]} 53. Qg6+ {[%emt 0:00:01] Zeit (Lag: Av=0.35s, max=0.6s)} 1-0

[Event "Stay Safe Play From Home 185"]
[Site "T#646428Emanuel Laske"]
[Date "2020.05.29"]
[Round "5"]
[White "Grizzzly"]
[Black "SoulofWolf"]
[Result "0-1"]
[WhiteElo "1706"]
[BlackElo "2015"]
[Annotator "TA"]
[PlyCount "38"]
[EventDate "2020.05.29"]
[EventType "swiss (blitz)"]

{[%evp 16,38,-6,-9,-14,-13,-8,-520,-522,-714,-708,-836,-812,-968,-968,-1054,-1058,-1412,-1406,-1387,-1398,-1376,-1368,-1464,-1453]} 1. d4 c5 2. c3 e6 3. Nf3 Nf6 4. Bf4 d5 5. e3 Nc6 {[%cal Bb8c6,Bc6e5,Be5d3][%mdl 32]} 6. Bd3 Bd6 7. Bxd6 Qxd6 8. Nbd2 O-O 9. O-O e5 {D02: 1 d4 d5 2 Nf3 sidelines, including 2...Nf6 3 g3 and 2...Nf6 3 Bf4.} 10. dxe5 Nxe5 {[#]} 11. e4 $146 {[%mdl 8192] [#]} (11. Nxe5 $11 {and White has nothing to worry.} Qxe5 12. Nf3) ({Predecessor:} 11. Nxe5 Qxe5 12. Re1 Rd8 13. h3 Bf5 14. Qc2 Bxd3 15. Qxd3 Rd7 16. Rad1 Rad8 17. Qc2 h6 18. Nf1 Ne4 19. Nd2 Nf6 20. Nf1 Ne4 21. Nd2 {½-½ (22) Berkes,F (2647)-Howell,D (2701) Budva 2019}) 11... Nxd3 $19 {Black is clearly winning.} 12. Qc2 dxe4 13. Ng5 Bf5 14. Rad1 Rad8 15. Ndxe4 Nxe4 16. Rxd3 Qxd3 17. Qxd3 Rxd3 18. Nxe4 Bxe4 19. f3 Bc6 {White got outplayed after the opening} 0-1

[Event "Stay Safe Play From Home 185"]
[Site "T#646428Emanuel Laske"]
[Date "2020.05.29"]
[Round "5"]
[White "Raja3652016"]
[Black "Weltszmerc"]
[Result "0-1"]
[WhiteElo "1643"]
[BlackElo "2068"]
[Annotator "NA RC"]
[PlyCount "56"]
[EventDate "2020.05.29"]
[EventType "swiss (blitz)"]

1. e4 {[%emt 0:00:01]} Nf6 {[%emt 0:00:00]} 2. e5 {[%emt 0:00:01]} Nd5 {[%emt 0:00:01]} 3. d4 {[%emt 0:00:00]} Nb6 {[%emt 0:00:00]} 4. c3 {[%emt 0:00:01]} d6 {[%emt 0:00:00]} 5. exd6 {[%emt 0:00:01]} cxd6 {[%emt 0:00:00]} 6. Nf3 {[%emt 0:00:01]} g6 {[%emt 0:00:00]} 7. Bb5+ {[%emt 0:00:02]} Nc6 {[%emt 0:00:01]} 8. Bxc6+ {[%emt 0:00:01]} bxc6 {[%emt 0:00:01]} 9. O-O {[%emt 0:00:02]} Bg7 {[%emt 0:00:01]} 10. Nbd2 {[%emt 0:00:02]} O-O {[%emt 0:00:00]} 11. Re1 {[%emt 0:00:01]} Bb7 {[%emt 0:00:01]} 12. Nf1 {[%emt 0:00:00]} Re8 {[%emt 0:00:00]} 13. Ne3 {[%emt 0:00:01]} e5 {[%emt 0:00:01]} 14. dxe5 {[%emt 0:00:01]} dxe5 {[%emt 0:00:00]} 15. Qxd8 {[%emt 0:00:02]} Raxd8 {[%emt 0:00:00]} 16. Nd2 {[%emt 0:00:04]} f5 {[%emt 0:00:03]} 17. Nb3 {[%emt 0:00:02]} Ba6 {[%emt 0:00:04]} 18. Nf1 {[%emt 0:00:02]} e4 {[%emt 0:00:02]} 19. Be3 {[%emt 0:00:02]} Bd3 {[%emt 0:00:03]} 20. Rad1 {[%emt 0:00:04]} h6 {[%emt 0:00:01]} 21. Rd2 {[%emt 0:00:02]} Nc4 {[%emt 0:00:01]} 22. Rdd1 {[%emt 0:00:04]} Nxb2 {[%emt 0:00:01]} 23. Rxd3 {[%emt 0:00:03]} Nxd3 {[%emt 0:00:01]} 24. Rd1 {[%emt 0:00:02]} Bxc3 {[%emt 0:00:04]} 25. Bc5 {[%emt 0:00:02]} Nxc5 {[%emt 0:00:02]} 26. Rxd8 {[%emt 0:00:05]} Rxd8 {[%emt 0:00:00]} 27. Nxc5 {[%emt 0:00:01]} Rd1 {[%emt 0:00:01]} 28. f3 {[%emt 0:00:03]} Bd4+ {[%emt 0:00:01] Time (Lag: Av=0.83s, max=1.1s)} 0-1

[Event "Stay Safe Play From Home 185"]
[Site "T#646428Emanuel Laske"]
[Date "2020.05.29"]
[Round "6"]
[White "Broken sword"]
[Black "Mepe_Nika"]
[Result "1-0"]
[WhiteElo "2547"]
[BlackElo "2309"]
[Annotator "TA"]
[PlyCount "131"]
[EventDate "2020.05.29"]
[EventType "swiss (blitz)"]

{[%evp 19,131,0,0,0,3,3,4,0,0,-13,0,-6,-5,-9,0,-24,-24,-24,-27,-76,-17,-27,-25,-55,-9,-10,-11,-8,43,45,27,12,65,65,75,72,62,55,77,12,12,14,15,6,15,6,12,0,0,0,0,-157,0,0,83,83,83,53,83,83,83,83,88,88,89,89,99,89,103,101,116,89,90,90,259,266,289,289,506,442,1064,1051,1715,1715,1728,1211,780,19,19,19,19,19,19,8,8,-26,-26,-100,-100,-100,-100,-100,-100,-100,-100,-455,0,0,29981,29982,29982,29981,29982,29982]} 1. d4 c5 2. c3 cxd4 3. cxd4 d5 4. Nf3 Nf6 5. Nc3 Nc6 6. Bf4 a6 7. e3 Bf5 8. Bd3 Bxd3 9. Qxd3 e6 10. O-O Be7 11. Bg5 {D13: Slav Defence: Exchange variation without ...Bf5.} O-O {[#]} 12. Bxf6 $146 ({Predecessor:} 12. a3 b5 13. Bxf6 Bxf6 14. b4 Be7 15. Rfc1 Na7 16. Rc2 Nc8 17. Rac1 Nb6 18. Nd2 {½-½ (24) Kubik,J (1917)-Gyorffy,P (1748) Hungary 2013}) 12... Bxf6 13. Rac1 {The position is equal.} Rc8 14. a3 b5 15. Nd2 Na5 16. b4 Nc4 17. Ra1 (17. Nb3 {with more complications.} Be7 18. Nc5 Ra8 19. Ra1 a5 20. Rfc1) 17... Nxd2 18. Qxd2 Rc4 19. Rfc1 Qd7 (19... e5 $17 {[%cal Re5d4]} 20. Ne2 exd4 21. Nxd4 Qb6) 20. Ne2 Rfc8 21. Rc3 e5 22. dxe5 Bxe5 23. Rxc4 Rxc4 (23... bxc4 $11 24. Rc1 Qc6) 24. Rd1 $14 g6 25. g3 (25. Kf1 {seems wilder.} Bxh2 26. g3 Qh3+ 27. Ke1 h5 28. Qxd5 h4 29. Nf4) 25... Kg7 (25... Qg4 $11) 26. Qxd5 Qxd5 27. Rxd5 {[%mdl 4096] Endgame KRB-KRN} Bb2 28. Rd3 Rc2 29. Nf4 (29. Kf1 $1 $16) 29... Rc1+ $11 30. Kg2 Ra1 31. Rb3 Bxa3 32. Nd5 Bc1 33. Nc7 Ra2 34. Kf3 Bd2 35. h4 $2 (35. Rb1 $11) 35... Ra4 $2 (35... Be1 $17 36. e4 Rxf2+ 37. Kg4 h5+ 38. Kh3 Re2 39. Nxa6 Rxe4) 36. Nd5 Be1 {[#]} (36... h5 $11) 37. Ke2 $1 $16 {[%cal Re2e1]} Ra1 38. Rb2 a5 39. bxa5 Bxa5 40. Rxb5 Re1+ 41. Kf3 Bd8 42. Rb8 Ba5 43. Rb7 Rd1 44. Nf4 Rd6 45. Kg2 h5 46. Nh3 {Threatens to win with Ng5.} Rf6 $2 (46... Bd8 $16) 47. Ng5 $18 Bd8 48. e4 Ba5 $2 (48... Rb6 {was worth a try.} 49. Rxf7+ Kg8) 49. f4 Bd2 (49... Kg8 $142 50. e5 Rc6 51. Rxf7 Bd8) 50. e5 Rf5 51. e6 {White wants to mate with e7.} Kf8 52. Rxf7+ Ke8 {[#]} 53. Rxf5 $2 ({Better is} 53. Ne4 $1 $18 {Nd6+ would kill now.} Bb4 54. Nf6+ Kd8 55. Rd7+ Kc8 56. Nd5) 53... gxf5 {KB-KN} 54. Kf3 Bc3 55. Ke3 {Strongly threatening Kd3.} Ke7 56. Kd3 Be1 57. Ke3 Bxg3 58. Kf3 (58. Nf3 $11 {keeps the balance.}) 58... Bxh4 $17 59. Nh3 Bf6 60. Ng1 h4 61. Ne2 Kxe6 62. Kg2 $2 {[%mdl 8192]} (62. Ng1 $17) 62... h3+ $2 (62... Kd5 $19 {Hoping for ...Ke4.} 63. Ng1 Ke4) 63. Kxh3 $11 Bc3 $2 {[%mdl 8192]} (63... Bb2 $11) 64. Nxc3 {White mates.} Kf6 65. Kg3 Ke6 66. Ne2 {Never resign too early! Accuracy: White = 71%, Black = 67%.} 1-0